| 000 | 00849nam a2200229 a 4500 | ||
|---|---|---|---|
| 005 | 20210219160403.0 | ||
| 008 | 081029s1988 mx r 000 0 spa d | ||
| 035 | _aUPN01000164567 | ||
| 049 | _aUNE | ||
| 080 | _a026 (213) "1988" WOO. | ||
| 100 | 1 | _aWood Lee, Mary | |
| 245 | 1 | 0 |
_aPrevención y tratamiento del moho en las colecciones de bibliotecas con partícular referencia a las que padecen climas tropicales : _bun estudio del RAMP / _cMary Wood Lee |
| 260 |
_aParís : _bUNESCO, _c1988. |
||
| 300 | _av, 57 p. | ||
| 440 | 0 | _aPGI-88/WS/9 | |
| 690 | _aColecciones de bibliotecas- Tecnicas de conservacion | ||
| 690 | _aBibliotecas especializadas- Zonas tropicales | ||
| 710 | 2 | _aUNESCO | |
| 710 | 2 | _aPGI. Programa General de Información y UNISIST | |
| 710 | 2 | _aRAMP. Programa de Gestión de Documentos y Archivos | |
| 905 | _aUNESCO | ||
| 999 |
_c136679 _d136679 |
||